|
|
|
|
| LEADER |
00000nam a2200000 a 4500 |
| 001 |
vtls010537082 |
| 003 |
SK-MaSNL |
| 005 |
20260301174505.0 |
| 008 |
240314s2012 pl ab f 000 0 pol |
| 015 |
|
|
|a SNBZSA2013-001343
|
| 020 |
|
|
|a 9788374362986
|q (brož.)
|
| 035 |
|
|
|a F0A0B8D6-30E6-4E4E-996D-01F604DE13EA
|
| 035 |
|
|
|a urn:nbn:sk:snk-amlgmw
|
| 035 |
|
|
|a urn:nbn:sk:snk-am0093zw
|
| 040 |
|
|
|a SNK
|b slo
|c SNK
|e AACR2
|
| 041 |
0 |
|
|a pol
|b eng
|
| 044 |
|
|
|a pl
|c PL
|
| 072 |
|
7 |
|a 323
|x Vnútropolitický vývoj, politický život
|2 konspekt
|
| 080 |
|
|
|a 323.15
|2 2001
|
| 080 |
|
|
|a (4-191.2)+(4-11)
|2 2001
|
| 080 |
|
|
|a (4)
|2 2001
|
| 080 |
|
|
|a (=161.2)
|2 2001
|
| 080 |
|
|
|a (4-12)
|2 2001
|
| 080 |
|
|
|a (477.8)
|2 2001
|
| 080 |
|
|
|a (048.8)
|2 2001
|
| 100 |
1 |
|
|a Barszczewska, Agnieszka,
|d 1981-
|4 aut
|9 546963
|
| 245 |
1 |
0 |
|a Mołdawscy Csángó a Rusini karpaccy (1867-1947)
|b problemy rozwoju tożsamości zbiorowej w Europie środkowo-wschodniej w XIX i XX wieku
|c Agnieszka Barszczewska
|
| 250 |
|
|
|a 1. wyd.
|
| 260 |
|
|
|a Warszawa
|b Trio
|b Collegium Civitas
|c 2012
|
| 300 |
|
|
|a 389 s.
|b grafy, mp., tab.
|c 21 cm
|
| 504 |
|
|
|a Bibliogr.. s. 359-385 ; bibliogr. odkazy ; zoz. skrat.
|
| 546 |
|
|
|a Res. angl.
|
| 648 |
|
7 |
|a 19.-20. stor.
|2 SNKPH
|9 268609
|
| 648 |
|
7 |
|a 19th-20th centuries
|2 SNKPHeng
|9 282960
|
| 648 |
|
7 |
|a 1867-1947
|2 SNKPH
|9 546964
|
| 650 |
0 |
7 |
|a národnostné menšiny
|z Európa stredná a východná
|2 SNKPH
|9 414372
|
| 650 |
0 |
7 |
|a Ethnic minorities
|z central and eastern Europe
|2 SNKPHeng
|9 546965
|
| 650 |
0 |
7 |
|a Rusíni
|z Európa
|2 SNKPH
|9 546966
|
| 650 |
0 |
7 |
|a Ruthenians
|z Europe
|2 SNKPHeng
|9 546967
|
| 651 |
|
7 |
|a Moldavsko
|2 SNKPH
|9 56319
|
| 651 |
|
7 |
|a Moldavia (historical territory)
|2 SNKPHeng
|9 546968
|
| 651 |
|
7 |
|a Podkarpatská Rus (Ukrajina)
|2 SNKPH
|9 100890
|
| 651 |
|
7 |
|a Carpathian Ruthenia (Ukraine)
|2 SNKPHeng
|9 335896
|
| 655 |
|
7 |
|a monografie
|2 SNKPH
|9 70139
|
| 655 |
|
7 |
|a Monographs
|2 SNKPHeng
|9 120675
|
| 752 |
|
|
|a Poľsko
|d Varšava
|
| 919 |
|
|
|a 978-83-7436-298-6
|
| 958 |
|
|
|a ZS
|
| 958 |
|
|
|a NB
|
| 958 |
|
|
|a PL
|
| 958 |
|
|
|a RN
|
| 999 |
|
|
|c 839793
|d 841723
|
| 952 |
|
|
|a SNK
|b SNK
|y PREZ
|7 0
|p 17A1083040
|o snkSC 156041
|i snk2013/21456
|8 2
|g 11.36
|0 0
|1 0
|4 0
|d 2013-08-21
|f 1
|l 0
|r 2025-08-18 00:00:00
|w 2026-02-24
|